| 000 -LEADER |
| fixed length control field |
00725nam a22001817a 4500 |
| 020 ## - INTERNATIONAL STANDARD BOOK NUMBER |
| ISBN |
9789719655138 |
| 082 ## - DEWEY DECIMAL CLASSIFICATION NUMBER |
| Classification number |
499.2113 |
| Item number |
M3112 2023 |
| 100 ## - MAIN ENTRY--AUTHOR NAME |
| Personal name |
Maranan, Mario H., author. |
| 245 ## - TITLE STATEMENT |
| Title |
Kontekstwalisadong komunikasyon sa Filipino : alinsunod sa CMO 57, serye ng 2017 at silabus ng bagong asignaturang Filipino sa kolehiyo na inihanda ng tanggol wika / Dr. Mario H. Maranan. |
| 250 ## - EDITION STATEMENT |
| Edition statement |
Ikalawang edisyon. |
| 260 ## - PUBLICATION, DISTRIBUTION, ETC. (IMPRINT) |
| Place of publication |
Manila : |
| Name of publisher |
Mindshapers Co., Inc., |
| Year of publication |
©2023. |
| 300 ## - PHYSICAL DESCRIPTION |
| Number of Pages |
viii, 186 pages ; |
| Other physical details |
26 cm |
| 500 ## - GENERAL NOTE |
| General note |
Includes bibliographical references. |
| 650 ## - SUBJECT ADDED ENTRY--TOPICAL TERM |
| Topical Term |
Filipino language -- Rhetoric. |
| 650 ## - SUBJECT ADDED ENTRY--TOPICAL TERM |
| Topical Term |
Filipino language -- Study and teaching. |
| 650 ## - SUBJECT ADDED ENTRY--TOPICAL TERM |
| Topical Term |
Communication -- Philippines. |
| 942 ## - ADDED ENTRY ELEMENTS (KOHA) |
| Koha item type |
Books |